| 000 | 00555nam a22001937a 4500 | ||
|---|---|---|---|
| 003 | LK-CoMWRAF | ||
| 005 | 20231115134626.0 | ||
| 008 | 231014b1998 |||||||| |||| 00| 0 eng d | ||
| 020 | _a762205156 | ||
| 040 |
_aLK-CoMWRAF _dLK-CoMWRAF _eLK-CoMWRAF |
||
| 041 | _aeng | ||
| 082 |
_a510 _bMAT |
||
| 245 |
_aMath User's Handbook : _bHot Words Hot Topics |
||
| 260 |
_aColumbus: _bGlencoe McGraw-Hill, _c1998 |
||
| 300 |
_a xv, 471 p. _bIndex included |
||
| 650 | _aMATHEMATICS-Problems, exercises | ||
| 650 | _aMathematics -Study and teaching | ||
| 942 | _cBK | ||
| 999 |
_c3850 _d3850 |
||